000 00707nam a2200289Ia 4500
005 20260324143112.0
008 008 260324s9999 xx 000 0 eng d
020 _a9780429302411
037 _aEBOOK
040 _aCRL
040 _beng
040 _cCRL
041 _2eng
041 _aeng
084 _qCRL
100 _aHoward J. Wiarda
_9999890
245 0 _aPolitics And Social Change In Latin America
245 0 _bStill A Distinct Tradition? Third Edition
260 _bTaylor and Francis
260 _c1993
365 _a
365 _b99.99
856 _uhttp://www.taylorfrancis.com/books/9780429302411
942 _cEBOOK
999 _c1819402
_d1819402